[Event "Col Ch "]
[Site "Ibague "]
[Date "2013.07.06"]
[Round "9.23"]
[White "Lopez Idarraga, Daniel Eduardo"]
[Black "Guerrero Sierra, Juan Carlos"]
[Result "1/2-1/2"]
[WhiteElo "2053"]
[BlackElo "2227"]
[PlyCount "107"]
[EventDate "2013.07.01"]
[EventType "swiss"]
[EventRounds "11"]
[EventCountry "COL"]
[SourceDate "2005.09.12"]

1. b3 Nf6 2. Bb2 g6 3. Bxf6 exf6 4. d4 d5 5. g3 Bg7 6. Bg2 O-O 7. e3 a5 8. a3
f5 9. Nh3 c5 10. O-O cxd4 11. exd4 Nc6 12. c3 Ne7 13. a4 h6 14. Nf4 g5 15. Nd3
b6 16. Re1 Ba6 17. Na3 Rc8 18. Rc1 Re8 19. Ne5 Nc6 20. Nxc6 Rxe1+ 21. Qxe1 Rxc6
22. Nb5 Qd7 23. Qd1 Rc8 24. Qf3 Bxb5 25. axb5 Bxd4 26. Qxd5 Qxd5 27. Bxd5 Bxc3
28. Bc4 a4 29. Rxc3 axb3 30. Rxb3 Rxc4 31. Rd3 Rc5 32. Rd6 Rxb5 33. Rxh6 Kg7
34. Rc6 Rb4 35. h3 Kf8 36. Rf6 Rb5 37. h4 gxh4 38. gxh4 Kg7 39. Rc6 Rb1+ 40.
Kg2 b5 41. Rb6 b4 42. Kf3 Rb2 43. h5 b3 44. h6+ Kg8 45. Rb5 Kh7 46. Rxf5 Rb1
47. Rxf7+ Kxh6 48. Rb7 Kg5 49. Rb5+ Kf6 50. Ke2 b2 51. Kd2 Rf1 52. Rxb2 Rxf2+
53. Kc3 Rxb2 54. Kxb2 1/2-1/2

[Event "Col Ch "]
[Site "Ibague "]
[Date "2013.07.06"]
[Round "9.24"]
[White "Rojas Barrero, Andres H"]
[Black "Salcedo, Pablo Esteban"]
[Result "1-0"]
[WhiteElo "2201"]
[BlackElo "1869"]
[PlyCount "97"]
[EventDate "2013.07.01"]
[EventType "swiss"]
[EventRounds "11"]
[EventCountry "COL"]
[SourceDate "2005.09.12"]

1. e4 c5 2. Nf3 d6 3. d4 Nf6 4. Nc3 cxd4 5. Nxd4 a6 6. Bg5 e6 7. f4 h6 8. Bh4
Qb6 9. a3 Bd7 10. Bf2 Qc7 11. Qf3 Nc6 12. O-O-O Be7 13. Rg1 Nxd4 14. Rxd4 Bc6
15. Bc4 b5 16. Bb3 Nd7 17. f5 e5 18. Rd2 Nc5 19. Bd5 a5 20. Bxc5 Bxd5 21. Rxd5
dxc5 22. Nxb5 Qb6 23. c4 O-O 24. Rgd1 Rad8 25. Kb1 Qf6 26. g3 Qg5 27. R1d3 Rxd5
28. Rxd5 Rd8 29. h4 Qf6 30. Rxd8+ Bxd8 31. Qd3 Be7 32. Qd7 g6 33. Nc3 Qd6 34.
Qxd6 Bxd6 35. fxg6 fxg6 36. Nd5 h5 37. Kc2 Bf8 38. Nf6+ Kf7 39. Nd7 Bd6 40. Kb3
g5 41. hxg5 Kg6 42. Ka4 Kxg5 43. Kxa5 Kg4 44. Nf6+ Kxg3 45. Nxh5+ Kf3 46. Nf6
Be7 47. Nd5 Bd8+ 48. Kb5 Kxe4 49. Kxc5 1-0

[Event "Col Ch "]
[Site "Ibague "]
[Date "2013.07.06"]
[Round "9.25"]
[White "Castaneda, Jorge Luis"]
[Black "Arango Arenas, Juan Camilo"]
[Result "1/2-1/2"]
[WhiteElo "2199"]
[BlackElo "1600"]
[PlyCount "47"]
[EventDate "2013.07.01"]
[EventType "swiss"]
[EventRounds "11"]
[EventCountry "COL"]
[SourceDate "2005.09.12"]

1. c4 c5 2. Nc3 Nc6 3. g3 g6 4. Bg2 Bg7 5. Nf3 Nf6 6. O-O O-O 7. d4 cxd4 8.
Nxd4 Nxd4 9. Qxd4 d6 10. Bg5 Be6 11. Qh4 Qa5 12. Rac1 Rfc8 13. b3 Rab8 14. Bh6
a6 15. Bxg7 Kxg7 16. Qd4 b5 17. cxb5 axb5 18. Qd2 b4 19. Ne4 Nxe4 20. Bxe4 Rc3
21. Qd4+ f6 22. Bb1 Rbc8 23. Rcd1 Qc5 24. Qe4 1/2-1/2

[Event "Col Ch "]
[Site "Ibague "]
[Date "2013.07.06"]
[Round "9.26"]
[White "Lopez Hernandez, Carlos Manuel"]
[Black "Buitrago, Juan Carlos"]
[Result "1-0"]
[WhiteElo "2320"]
[BlackElo "2124"]
[PlyCount "73"]
[EventDate "2013.07.01"]
[EventType "swiss"]
[EventRounds "11"]
[EventCountry "COL"]
[SourceDate "2005.09.12"]

1. e4 e5 2. Nf3 Nc6 3. Bb5 a6 4. Ba4 Nf6 5. O-O Be7 6. d3 d6 7. c3 O-O 8. Nbd2
b5 9. Bb3 Na5 10. Bc2 c5 11. Re1 Qc7 12. Nf1 Nc6 13. Bg5 h6 14. Bxf6 Bxf6 15.
Ne3 Ne7 16. Bb3 Be6 17. Bxe6 fxe6 18. a4 g5 19. d4 exd4 20. cxd4 c4 21. Qc2 Bg7
22. e5 d5 23. axb5 axb5 24. Rxa8 Rxa8 25. h4 gxh4 26. Nxh4 b4 27. Ng4 b3 28.
Qc1 Kh7 29. Nf6+ Kh8 30. Qb1 Bxf6 31. exf6 Nf5 32. Nxf5 exf5 33. Qxf5 c3 34.
Qxd5 Rb8 35. f7 Kg7 36. Re8 Qf4 37. Qe5+ 1-0

[Event "Col Ch "]
[Site "Ibague "]
[Date "2013.07.06"]
[Round "9.27"]
[White "Cespedes, Cesar Ivan"]
[Black "Chavarro, Hugo"]
[Result "0-1"]
[WhiteElo "2111"]
[BlackElo "2296"]
[PlyCount "128"]
[EventDate "2013.07.01"]
[EventType "swiss"]
[EventRounds "11"]
[EventCountry "COL"]
[SourceDate "2005.09.12"]

1. e4 c5 2. Nf3 d6 3. c4 Nf6 4. Nc3 g6 5. d4 cxd4 6. Nxd4 Bg7 7. Be2 O-O 8. Be3
Nc6 9. h3 Qa5 10. Qd2 Nxd4 11. Bxd4 Nxe4 12. Nxe4 Qxd2+ 13. Kxd2 Bxd4 14. Rab1
f5 15. Nc3 Bxf2 16. Nd5 Kf7 17. Rhf1 Bg3 18. Rf3 Be5 19. b3 e6 20. Nb4 Bd7 21.
Rff1 Rac8 22. Nd3 Bf6 23. a4 Kg7 24. Bf3 Bc6 25. a5 Rfe8 26. Nb4 Bxf3 27. Rxf3
d5 28. cxd5 exd5 29. Nxd5 Red8 30. Rd3 Bg5+ 31. Ke2 Rc5 32. Rbd1 Rxa5 33. g3
Ra2+ 34. Kf3 Rc2 35. h4 Bf6 36. Kf4 Re8 37. Kf3 Kf7 38. Ne3 Rcc8 39. Nc4 Be7
40. Rd7 Red8 41. Ke2 Rb8 42. Na5 Rxd7 43. Rxd7 Ke6 44. Rd3 Bb4 45. Nc4 Bc5 46.
Nd2 b5 47. Nf3 Re8 48. Ng5+ Kf6+ 49. Kf3 h6 50. Rc3 Re5 51. Nh3 g5 52. hxg5+
hxg5 53. Nf2 g4+ 54. Kg2 Bxf2 55. Kxf2 a5 56. Rc6+ Kg5 57. Ra6 b4 58. Ra8 Rc5
59. Rg8+ Kf6 60. Rf8+ Ke5 61. Rd8 Rc2+ 62. Ke3 Rc3+ 63. Rd3 Rxd3+ 64. Kxd3 f4
0-1

[Event "Col Ch "]
[Site "Ibague "]
[Date "2013.07.06"]
[Round "9.28"]
[White "Gonzalez Parejo, Ramon Junior"]
[Black "Garavito, Miguel Angel"]
[Result "0-1"]
[WhiteElo "2094"]
[BlackElo "2263"]
[PlyCount "82"]
[EventDate "2013.07.01"]
[EventType "swiss"]
[EventRounds "11"]
[EventCountry "COL"]
[SourceDate "2005.09.12"]

1. d4 Nf6 2. Nc3 g6 3. e4 d6 4. f3 Bg7 5. Be3 c6 6. a4 a5 7. Qd2 h5 8. Bc4 Na6
9. Nge2 Nb4 10. Bb3 Qc7 11. Rd1 O-O 12. Kf2 Kh7 13. g3 d5 14. e5 Ng8 15. Nf4 f6
16. exf6 Nxf6 17. Kg2 g5 18. Nd3 g4 19. Ne5 Nd7 20. f4 Nxe5 21. fxe5 Bf5 22.
Rhf1 c5 23. dxc5 e6 24. Rxf5 Rxf5 25. Nb5 Qxe5 26. c3 Rf3 27. Re1 Qe4 28. Kg1
Raf8 29. cxb4 Qxb4 30. Qxb4 axb4 31. Bc2+ Kg8 32. Bf4 e5 33. Bc1 h4 34. Bd1
hxg3 35. hxg3 Rxg3+ 36. Kh2 Rh3+ 37. Kg2 e4 38. Bxg4 Rd3 39. Nc7 Be5 40. Be6+
Kg7 41. Nxd5 Rg3+ 0-1

[Event "Col Ch "]
[Site "Ibague "]
[Date "2013.07.06"]
[Round "9.29"]
[White "Ramirez, Benjamin Dario"]
[Black "Otalora, Carlos Eduardo"]
[Result "1-0"]
[WhiteElo "2214"]
[BlackElo "2114"]
[PlyCount "81"]
[EventDate "2013.07.01"]
[EventType "swiss"]
[EventRounds "11"]
[EventCountry "COL"]
[SourceDate "2005.09.12"]

1. e4 e5 2. Nf3 Nf6 3. Nxe5 d6 4. Nf3 Nxe4 5. Nc3 Nxc3 6. dxc3 Be7 7. h3 Nc6 8.
Bd3 Ne5 9. Bf4 Nxd3+ 10. Qxd3 O-O 11. O-O-O a6 12. g4 Re8 13. Rdg1 Bh4 14. Be3
Qf6 15. Qd1 Rxe3 16. fxe3 Bf2 17. Rf1 Bxe3+ 18. Kb1 Bc5 19. Qd2 h6 20. g5 Qg6
21. gxh6 Qxh6 22. Ng5 Be6 23. Rh2 Re8 24. Re1 Be3 25. Rxe3 Qxg5 26. b3 Rf8 27.
Rg2 Qf6 28. Reg3 g6 29. Qh6 Bf5 30. h4 Re8 31. h5 Re6 32. Re3 Rxe3 33. Qxe3 Qe5
34. Qd2 Kg7 35. Re2 Qf6 36. hxg6 fxg6 37. Qe3 Bd7 38. Qe7+ Qf7 39. Kb2 Bf5 40.
Qd8 Be6 41. Rh2 1-0

[Event "Col Ch "]
[Site "Ibague "]
[Date "2013.07.06"]
[Round "9.30"]
[White "Dominguez, Oscar"]
[Black "Gutierrez, Ramon"]
[Result "1-0"]
[WhiteElo "2092"]
[BlackElo "2207"]
[PlyCount "45"]
[EventDate "2013.07.01"]
[EventType "swiss"]
[EventRounds "11"]
[EventCountry "COL"]
[SourceDate "2005.09.12"]

1. e4 c5 2. Nf3 d6 3. d4 cxd4 4. Nxd4 Nf6 5. Nc3 a6 6. Bc4 e6 7. Bb3 Be7 8. f4
Nc6 9. Be3 O-O 10. Qf3 Qc7 11. O-O Bd7 12. f5 e5 13. Nde2 Na5 14. g4 Nxb3 15.
axb3 Bc6 16. g5 Nd7 17. Ng3 f6 18. g6 h6 19. Nh5 d5 20. exd5 Bb5 21. Nxg7 Kxg7
22. Bxh6+ Kg8 23. Qh5 1-0

[Event "Col Ch "]
[Site "Ibague "]
[Date "2013.07.06"]
[Round "9.31"]
[White "Barros, Raul Junior"]
[Black "Dominguez Rincon, Miller"]
[Result "1-0"]
[WhiteElo "2180"]
[BlackElo "2035"]
[PlyCount "81"]
[EventDate "2013.07.01"]
[EventType "swiss"]
[EventRounds "11"]
[EventCountry "COL"]
[SourceDate "2005.09.12"]

1. e4 e5 2. Nf3 Nc6 3. d4 exd4 4. Nxd4 Bc5 5. Nb3 Be7 6. Nc3 Nf6 7. Be3 d6 8.
f3 h5 9. Qd2 Be6 10. Nd5 Ne5 11. Nxe7 Qxe7 12. Nd4 O-O-O 13. O-O-O d5 14. Qa5
a6 15. f4 Neg4 16. Bxa6 Qd6 17. Bb5 c6 18. Nxe6 Nxe3 19. Nxd8 Qxd8 20. Qxd8+
Rxd8 21. Rde1 Nxg2 22. Reg1 Nxf4 23. Rxg7 Rd7 24. e5 Ng4 25. Bd3 Nxd3+ 26. cxd3
Nf2 27. e6 fxe6 28. Rxd7 Kxd7 29. Rg1 Nxd3+ 30. Kc2 Nf4 31. Rg7+ Kc8 32. Rf7 e5
33. Rf5 Ne6 34. Rxe5 Kd7 35. Rxh5 Kd6 36. h4 c5 37. Rh7 b5 38. h5 Ke5 39. Re7
Kf6 40. h6 d4 41. Rxe6+ 1-0

[Event "Col Ch "]
[Site "Ibague "]
[Date "2013.07.06"]
[Round "9.32"]
[White "Lotero, Faiber"]
[Black "Garces, Javier"]
[Result "1-0"]
[WhiteElo "2177"]
[BlackElo "2001"]
[PlyCount "39"]
[EventDate "2013.07.01"]
[EventType "swiss"]
[EventRounds "11"]
[EventCountry "COL"]
[SourceDate "2005.09.12"]

1. e4 c5 2. b4 cxb4 3. a3 Nc6 4. axb4 Nxb4 5. c3 Nc6 6. d4 Nf6 7. Bd3 d6 8. f4
e6 9. Nf3 Be7 10. O-O d5 11. e5 Ne4 12. Bxe4 dxe4 13. Ng5 Bxg5 14. fxg5 O-O 15.
Ba3 Ne7 16. Nd2 e3 17. Ne4 Bd7 18. Qh5 f6 19. gxf6 Be8 20. fxe7 1-0

[Event "Col Ch "]
[Site "Ibague "]
[Date "2013.07.06"]
[Round "9.33"]
[White "Tirado, Juan Camilo"]
[Black "Arango, Andres Mauricio"]
[Result "0-1"]
[WhiteElo "2001"]
[BlackElo "2142"]
[PlyCount "102"]
[EventDate "2013.07.01"]
[EventType "swiss"]
[EventRounds "11"]
[EventCountry "COL"]
[SourceDate "2005.09.12"]

1. e4 c5 2. c3 e6 3. d4 d5 4. exd5 exd5 5. Nf3 Nc6 6. Be3 cxd4 7. Nxd4 Nf6 8.
Bd3 Bd6 9. Nf5 O-O 10. Nxd6 Qxd6 11. h3 Ne5 12. O-O h6 13. Na3 Bd7 14. Bf4 Rfe8
15. Nc4 Qc7 16. Nxe5 Rxe5 17. Bxe5 Qxe5 18. Re1 Qd6 19. Qf3 b5 20. Rad1 Rc8 21.
Bf5 a5 22. Bxd7 Qxd7 23. Rd4 Rc6 24. Qd3 Rc8 25. Re5 Rd8 26. a3 Kf8 27. Rf5 Qe6
28. Rxf6 gxf6 29. Qxb5 Qe1+ 30. Qf1 Qe6 31. Qd1 Rb8 32. Qd2 Kg7 33. b4 axb4 34.
cxb4 Ra8 35. Qc3 Rc8 36. Qg3+ Kf8 37. Qe3 Qxe3 38. fxe3 Ra8 39. Rd3 Ke7 40. Kf2
Ke6 41. Kf3 Ke5 42. b5 Kd6 43. b6 Kc6 44. Rb3 Kb7 45. Kf4 Rg8 46. g4 h5 47. a4
hxg4 48. hxg4 Ra8 49. Rb4 Ra5 50. Kf5 d4+ 51. Kxf6 dxe3 0-1

[Event "Col Ch "]
[Site "Ibague "]
[Date "2013.07.06"]
[Round "9.34"]
[White "Otero, Alvaro Junior"]
[Black "Ruge, Edison"]
[Result "0-1"]
[WhiteElo "2018"]
[BlackElo "2231"]
[PlyCount "96"]
[EventDate "2013.07.01"]
[EventType "swiss"]
[EventRounds "11"]
[EventCountry "COL"]
[SourceDate "2005.09.12"]

1. e4 d5 2. exd5 Qxd5 3. Nc3 Qd6 4. Bc4 Nf6 5. h3 a6 6. a4 Qc6 7. Bf1 g6 8. Nf3
Bg7 9. Be2 O-O 10. O-O Nd5 11. Nxd5 Qxd5 12. d4 Nc6 13. Be3 Bf5 14. Qd2 Rfd8
15. Rad1 b5 16. b3 bxa4 17. c4 Qa5 18. Qxa5 Nxa5 19. bxa4 Nb3 20. Bd3 Bxd3 21.
Rxd3 Rab8 22. Rb1 Na5 23. Rxb8 Rxb8 24. Bf4 Rb7 25. c5 Kf8 26. d5 Nc4 27. c6
Rb1+ 28. Kh2 Nd6 29. Ne5 Bxe5 30. Bxe5 Rb4 31. f3 f6 32. Bg3 Ne8 33. Kg1 Kf7
34. Kf2 h5 35. Ke3 h4 36. Bh2 a5 37. Rd4 Rb3+ 38. Rd3 Rb1 39. Kf2 Rb2+ 40. Kf1
Rb4 41. Ke2 Rxa4 42. Rb3 Rb4 43. Rxb4 axb4 44. Kd3 e6 45. Bxc7 Nxc7 46. d6 Nb5
47. d7 Ke7 48. Kc4 Na7 0-1

[Event "Col Ch "]
[Site "Ibague "]
[Date "2013.07.06"]
[Round "9.36"]
[White "Munoz, Julian Andres"]
[Black "Martinez, Mauricio"]
[Result "1-0"]
[WhiteElo "2207"]
[BlackElo "2010"]
[PlyCount "110"]
[EventDate "2013.07.01"]
[EventType "swiss"]
[EventRounds "11"]
[EventCountry "COL"]
[SourceDate "2005.09.12"]

1. d4 Nf6 2. Nf3 d6 3. c4 g6 4. Nc3 Bg7 5. e4 O-O 6. Be2 c5 7. d5 a6 8. O-O
Nbd7 9. Ne1 Rb8 10. a4 h5 11. f4 Ng4 12. Bxg4 hxg4 13. Qxg4 Bd4+ 14. Kh1 Ne5
15. Qe2 Bg4 16. Nf3 Nxf3 17. gxf3 Bh3 18. Rd1 Kg7 19. Be3 e5 20. Qf2 Bxe3 21.
Qxe3 Qh4 22. fxe5 Rh8 23. Rd2 dxe5 24. d6 b6 25. Rad1 Rbd8 26. Rf2 a5 27. f4
exf4 28. Qxf4 Qxf4 29. Rxf4 f6 30. Kg1 Rh5 31. Ne2 Re5 32. Rd3 g5 33. Rf2 Be6
34. Ng3 Bxc4 35. Rdf3 Rxd6 36. Nf5+ Rxf5 37. Rxf5 Bb3 38. h3 Kg6 39. e5 fxe5
40. Rxe5 Kh5 41. Rg2 Rg6 42. Kh2 Kh6 43. Rg4 c4 44. Kg3 Ba2 45. h4 Rc6 46.
hxg5+ Kg6 47. Rh4 Rc7 48. Rh6+ Kg7 49. Rxb6 c3 50. bxc3 Rxc3+ 51. Kf4 Rc4+ 52.
Kf5 Rc1 53. Rb7+ Kf8 54. Rxa5 Bb1+ 55. Rxb1 Rxb1 1-0

[Event "Col Ch "]
[Site "Ibague "]
[Date "2013.07.06"]
[Round "9.37"]
[White "Martinez, Jorge Alexander"]
[Black "Valderrama Castano, Julian Cam"]
[Result "1-0"]
[WhiteElo "2189"]
[BlackElo "1978"]
[PlyCount "111"]
[EventDate "2013.07.01"]
[EventType "swiss"]
[EventRounds "11"]
[EventCountry "COL"]
[SourceDate "2005.09.12"]

1. e4 e6 2. d4 d5 3. Nc3 Bb4 4. e5 c5 5. a3 Bxc3+ 6. bxc3 Qc7 7. Bd2 f6 8. exf6
Nxf6 9. Nf3 O-O 10. g3 Ne4 11. Bg2 Nc6 12. O-O e5 13. Ng5 exd4 14. Nxe4 dxe4
15. Bxe4 Qe5 16. Re1 Qf6 17. Bf4 Bf5 18. Bd5+ Kh8 19. cxd4 cxd4 20. Qd2 Rac8
21. Rac1 Qd8 22. c4 dxc3 23. Rxc3 Qa5 24. Bg2 Bg6 25. Rec1 Rcd8 26. Qb2 Nd4 27.
Bc7 Qb5 28. Qxb5 Nxb5 29. Bxd8 Nxc3 30. Rxc3 Rxd8 31. Bxb7 Rd1+ 32. Kg2 h6 33.
h4 Rd7 34. Bf3 Kg8 35. h5 Bf5 36. Rc5 Be6 37. a4 Kf7 38. a5 Ke7 39. a6 Kd6 40.
Rc6+ Ke5 41. Rxe6+ Kxe6 42. Bg4+ Kd6 43. Bxd7 Kxd7 44. f4 Ke6 45. Kf3 Kd5 46.
Ke3 Kc4 47. g4 Kd5 48. Kd3 Kc5 49. Ke4 Kd6 50. Kd4 Kc6 51. Ke5 Kd7 52. Kd5 Ke7
53. Kc6 Ke6 54. Kb7 Kd5 55. Kxa7 Ke4 56. g5 1-0

[Event "Col Ch "]
[Site "Ibague "]
[Date "2013.07.06"]
[Round "9.39"]
[White "Perez Pineda, Elkin Dario"]
[Black "Torres, Jorge Emilio"]
[Result "1/2-1/2"]
[WhiteElo "2159"]
[BlackElo "2000"]
[PlyCount "52"]
[EventDate "2013.07.01"]
[EventType "swiss"]
[EventRounds "11"]
[EventCountry "COL"]
[SourceDate "2005.09.12"]

1. e4 c5 2. c3 d6 3. Nf3 e5 4. Bc4 Be7 5. O-O Nf6 6. d4 Qc7 7. Qe2 Bg4 8. dxe5
dxe5 9. Bg5 Nbd7 10. Nbd2 O-O 11. Rfd1 a6 12. a4 h6 13. Bh4 Rad8 14. Nf1 Nb6
15. Rxd8 Rxd8 16. Ne3 Bxf3 17. Qxf3 Nxc4 18. Nxc4 b5 19. axb5 axb5 20. Ne3 Rd6
21. Nf5 Re6 22. Ra8+ Kh7 23. g4 Ng8 24. Nxe7 Nxe7 25. Qxf7 Qd7 26. Kg2 Rf6
1/2-1/2

[Event "Col Ch "]
[Site "Ibague "]
[Date "2013.07.06"]
[Round "9.40"]
[White "Valencia, Dario"]
[Black "Lora, Joel Fernando"]
[Result "0-1"]
[WhiteElo "1958"]
[BlackElo "2151"]
[PlyCount "92"]
[EventDate "2013.07.01"]
[EventType "swiss"]
[EventRounds "11"]
[EventCountry "COL"]
[SourceDate "2005.09.12"]

1. Nf3 Nf6 2. g3 b6 3. Bg2 Bb7 4. c4 e6 5. b3 c5 6. Bb2 d5 7. cxd5 Bxd5 8. d3
Be7 9. O-O O-O 10. Nbd2 Nbd7 11. Re1 Bb7 12. e4 Ba6 13. d4 Rc8 14. Rc1 cxd4 15.
Rxc8 Qxc8 16. Nxd4 Ne5 17. Nf5 exf5 18. Bxe5 Ng4 19. exf5 Qxf5 20. Qf3 Qxf3 21.
Bxf3 Nxe5 22. Rxe5 Bf6 23. Rd5 Rd8 24. Ne4 Be7 25. Rxd8+ Bxd8 26. Nd6 Bc7 27.
Nc4 Kf8 28. Be4 Ke7 29. f4 h6 30. Kf2 b5 31. Ne3 Bb6 32. Kf3 Ke6 33. Nd5 Bd8
34. Nb4 Bc8 35. g4 Kd6 36. f5 Kc5 37. Nc6 Bc7 38. Ne7 Bd7 39. h4 Bd8 40. f6
gxf6 41. Ng8 f5 42. gxf5 h5 43. f6 Kd4 44. Nh6 Bg4+ 45. Nxg4 hxg4+ 46. Kxg4
Kxe4 0-1

[Event "Col Ch "]
[Site "Ibague "]
[Date "2013.07.06"]
[Round "9.41"]
[White "Cespedes, Jaime"]
[Black "Hernandez, Oscar Eduardo"]
[Result "0-1"]
[WhiteElo "2138"]
[BlackElo "1970"]
[PlyCount "54"]
[EventDate "2013.07.01"]
[EventType "swiss"]
[EventRounds "11"]
[EventCountry "COL"]
[SourceDate "2005.09.12"]

1. e4 c5 2. Nc3 Nc6 3. f4 g6 4. Nf3 Bg7 5. d3 e6 6. Be3 b6 7. g3 Nge7 8. Bg2 d5
9. exd5 exd5 10. Bf2 O-O 11. O-O Bb7 12. d4 c4 13. Qd2 Qd7 14. Rae1 Rfe8 15.
Re2 f6 16. Rfe1 Nd8 17. Re3 Nf7 18. Qe2 Kf8 19. Nd2 Nd6 20. g4 b5 21. b3 f5 22.
Nf3 Ne4 23. Ne5 Bxe5 24. fxe5 Nxc3 25. Rxc3 Qe6 26. bxc4 bxc4 27. Rxc4 Ba6 0-1

[Event "Col Ch "]
[Site "Ibague "]
[Date "2013.07.06"]
[Round "9.42"]
[White "Hernandez, Cristian Andres"]
[Black "Piraquive, Alberto"]
[Result "1-0"]
[WhiteElo "2113"]
[BlackElo "1945"]
[PlyCount "55"]
[EventDate "2013.07.01"]
[EventType "swiss"]
[EventRounds "11"]
[EventCountry "COL"]
[SourceDate "2005.09.12"]

1. e4 c6 2. d4 d5 3. Nc3 dxe4 4. Nxe4 Nf6 5. Nxf6+ exf6 6. Nf3 Bd6 7. Be3 Bf5
8. Qd2 Nd7 9. O-O-O O-O 10. Kb1 a5 11. Nh4 Bb4 12. Qc1 Bg4 13. f3 Be6 14. Bd3
Nb6 15. a3 Na4 16. c3 b5 17. axb4 axb4 18. Kc2 bxc3 19. bxc3 Nxc3 20. Kxc3 Ra2
21. Bb1 Qa5+ 22. Kd3 Bc4+ 23. Ke4 Re8+ 24. Kf4 g5+ 25. Kg4 Re2 26. Bxg5 Be6+
27. Kg3 fxg5 28. Qxg5+ 1-0

[Event "Col Ch "]
[Site "Ibague "]
[Date "2013.07.06"]
[Round "9.43"]
[White "Suarez, Luis Humberto"]
[Black "Ospina Ortiz, Oscar Alexander"]
[Result "1/2-1/2"]
[WhiteElo "2110"]
[BlackElo "1943"]
[PlyCount "30"]
[EventDate "2013.07.01"]
[EventType "swiss"]
[EventRounds "11"]
[EventCountry "COL"]
[SourceDate "2005.09.12"]

1. e4 e6 2. d4 d5 3. exd5 exd5 4. Nf3 Nf6 5. Bd3 Bd6 6. O-O O-O 7. Bg5 Bg4 8.
c3 c6 9. Nbd2 Nbd7 10. Qc2 Qc7 11. Bf5 Bf4 12. Bxg4 Bxg5 13. Qf5 Nxg4 14. Qxg5
Nh6 15. Rfe1 Rfe8 1/2-1/2

[Event "Col Ch "]
[Site "Ibague "]
[Date "2013.07.06"]
[Round "9.44"]
[White "Valdes, Nicolas"]
[Black "Botello, Gregory Paul"]
[Result "0-1"]
[WhiteElo "2095"]
[BlackElo "1940"]
[PlyCount "54"]
[EventDate "2013.07.01"]
[EventType "swiss"]
[EventRounds "11"]
[EventCountry "COL"]
[SourceDate "2005.09.12"]

1. e4 e5 2. d4 exd4 3. Bc4 Nc6 4. Nf3 Bc5 5. c3 Nf6 6. e5 d5 7. Bb5 Ne4 8. cxd4
Bb4+ 9. Kf1 O-O 10. Qa4 Qe7 11. Bxc6 bxc6 12. a3 a5 13. axb4 Ba6+ 14. Kg1 axb4
15. Qc2 b3 16. Qd1 Be2 17. Qxe2 Rxa1 18. Qd3 Qb4 19. g3 Qc4 20. Qxc4 dxc4 21.
Nfd2 Nxd2 22. Bxd2 Rxb1+ 23. Kg2 Rxh1 24. Kxh1 Rd8 25. Bc3 c5 26. dxc5 Rd3 27.
e6 fxe6 0-1

[Event "Col Ch "]
[Site "Ibague "]
[Date "2013.07.06"]
[Round "9.45"]
[White "Zapata Cuartas, Juan Carlos"]
[Black "Jaramillo, Carlos Orlando"]
[Result "1-0"]
[WhiteElo "2089"]
[BlackElo "1930"]
[PlyCount "81"]
[EventDate "2013.07.01"]
[EventType "swiss"]
[EventRounds "11"]
[EventCountry "COL"]
[SourceDate "2005.09.12"]

1. d4 c5 2. d5 f5 3. c4 Nf6 4. Nc3 e5 5. d6 a6 6. e4 Qb6 7. exf5 Qxd6 8. Bg5
Nc6 9. Bxf6 Qxd1+ 10. Rxd1 gxf6 11. Nd5 Kd8 12. Nxf6 Nd4 13. Bd3 d6 14. g4 b5
15. Ne2 Bb7 16. Nxd4 exd4 17. Rg1 Bg7 18. Nh5 Re8+ 19. Kd2 Bh8 20. f4 bxc4 21.
Bxc4 d5 22. Bb3 Bc6 23. f6 c4 24. Rc1 Kd7 25. Bd1 Rab8 26. b3 Bb5 27. g5 c3+
28. Kc2 Be2 29. Ng3 d3+ 30. Kxc3 Rbc8+ 31. Kd2 Rxc1 32. Kxc1 Rc8+ 33. Kd2 Bxd1
34. Rxd1 Rc2+ 35. Kxd3 Rxh2 36. Rh1 Rxh1 37. Nxh1 Ke6 38. Ng3 h6 39. Kd4 hxg5
40. fxg5 a5 41. a3 1-0

[Event "Col Ch "]
[Site "Ibague "]
[Date "2013.07.06"]
[Round "9.46"]
[White "Ardila, Oscar Humberto"]
[Black "Osorio, Alejandro"]
[Result "1-0"]
[WhiteElo "2077"]
[BlackElo "1883"]
[PlyCount "95"]
[EventDate "2013.07.01"]
[EventType "swiss"]
[EventRounds "11"]
[EventCountry "COL"]
[SourceDate "2005.09.12"]

1. e4 c5 2. Nc3 Nc6 3. f4 e6 4. Nf3 Nge7 5. Bb5 a6 6. Bxc6 Nxc6 7. O-O Be7 8.
d3 d5 9. e5 O-O 10. Qe1 f6 11. Qg3 Kh8 12. Ne2 Bd7 13. Bd2 b5 14. Qh3 Qe8 15.
Rae1 Ra7 16. c3 Rb7 17. d4 c4 18. exf6 gxf6 19. f5 e5 20. Bh6 Rg8 21. Nh4 Qh5
22. Be3 Rg4 23. g3 Rb8 24. Kh1 Rbg8 25. Ng1 Bd6 26. dxe5 fxe5 27. Ng2 Qxh3 28.
Nxh3 Rf8 29. Nf2 Rgg8 30. g4 d4 31. Bh6 Rf6 32. Bd2 Rf7 33. h3 Bc7 34. Ne4 Re8
35. Bg5 Bc8 36. Bf6+ Kg8 37. g5 Rd7 38. h4 d3 39. Ne3 d2 40. Re2 Rd3 41. Rd1
Bb6 42. Ng4 Kf8 43. Nh6 Bb7 44. g6 hxg6 45. fxg6 Rg3 46. Nxg3 Ne7+ 47. Kh2 Nxg6
48. Ngf5 1-0

[Event "Col Ch "]
[Site "Ibague "]
[Date "2013.07.06"]
[Round "9.48"]
[White "Uribe Sanchez, Alejandro"]
[Black "Escobar, Cesar"]
[Result "1/2-1/2"]
[WhiteElo "2058"]
[BlackElo "1742"]
[PlyCount "119"]
[EventDate "2013.07.01"]
[EventType "swiss"]
[EventRounds "11"]
[EventCountry "COL"]
[SourceDate "2005.09.12"]

1. d4 d5 2. c4 c6 3. Nc3 Nf6 4. Nf3 Bf5 5. cxd5 cxd5 6. Qb3 Qb6 7. Nxd5 Nxd5 8.
Qxd5 e6 9. Qb3 Bb4+ 10. Bd2 Nc6 11. e3 Rc8 12. Be2 Bxd2+ 13. Nxd2 Qa5 14. Qb5
O-O 15. Qxa5 Nxa5 16. e4 Bg6 17. h4 h6 18. h5 Bh7 19. Bd3 Nc6 20. Nb3 Rfd8 21.
Rc1 Nxd4 22. Rxc8 Rxc8 23. Kd2 Nc6 24. Rc1 Rd8 25. Ke3 Ne5 26. Be2 g5 27. hxg6
Bxg6 28. f4 Nd7 29. Rd1 Kf8 30. Nc5 Ke7 31. Nxb7 Rb8 32. Ba6 f5 33. e5 Nb6 34.
Na5 Be8 35. Bb7 Nc4+ 36. Nxc4 Rxb7 37. b3 Rc7 38. Rh1 h5 39. Rd1 Bc6 40. g3 Bd5
41. Rc1 Rc8 42. Rc2 Rg8 43. Kf2 h4 44. Rc3 Rg4 45. Ne3 hxg3+ 46. Kg1 Rxf4 47.
Nxd5+ exd5 48. Rxg3 Ke6 49. Rg6+ Kxe5 50. Ra6 d4 51. Rxa7 d3 52. Ra5+ Kd4 53.
Ra4+ Ke3 54. Rxf4 Kxf4 55. Kf2 Ke4 56. a4 Kd4 57. a5 Kc3 58. a6 d2 59. a7 d1=Q
60. a8=Q 1/2-1/2

[Event "Col Ch "]
[Site "Ibague "]
[Date "2013.07.06"]
[Round "9.49"]
[White "Torres, Jaime Alberto"]
[Black "Torres, Augusto"]
[Result "1-0"]
[WhiteElo "2052"]
[BlackElo "1812"]
[PlyCount "109"]
[EventDate "2013.07.01"]
[EventType "swiss"]
[EventRounds "11"]
[EventCountry "COL"]
[SourceDate "2005.09.12"]

1. d4 Nf6 2. Nf3 g6 3. c4 Bg7 4. Nc3 d6 5. e4 O-O 6. Be2 Nbd7 7. O-O e5 8. d5
Ne8 9. Qc2 f5 10. Ng5 Ndf6 11. Ne6 Bxe6 12. dxe6 f4 13. Nd5 Nxd5 14. cxd5 Qe7
15. f3 Rc8 16. Qa4 c6 17. Bd2 cxd5 18. exd5 a6 19. Qd7 Rc7 20. Qxe7 Rxe7 21.
Rac1 g5 22. Bb4 e4 23. fxe4 Bxb2 24. Rc4 Be5 25. Bh5 Nf6 26. Bf7+ Kg7 27. Re1
a5 28. Bxd6 Bxd6 29. e5 Bb4 30. exf6+ Kxf6 31. Rd1 Rd8 32. Kf1 Ke5 33. Rcd4 Kd6
34. R4d3 b6 35. a3 Bc5 36. Ke2 Rf8 37. Kf3 Rfxf7 38. exf7 Rxf7 39. Kg4 h6 40.
Re1 Be3 41. a4 Rf6 42. Re2 Ke5 43. Rc2 Bc5 44. d6 Rxd6 45. Rxd6 Kxd6 46. Kh5
Bg1 47. h3 Be3 48. Kg4 Ke5 49. Rc6 h5+ 50. Kxh5 f3 51. gxf3 Kf4 52. Rf6+ Kg3
53. Rf5 Bf4 54. Rxg5+ Kxf3 55. Rf5 1-0